| 000 | 00935nam a22002537a 4500 | ||
|---|---|---|---|
| 008 | 260131s2010 mx bd||gr|||| 001 0 spa d | ||
| 020 | _a978-607-481-321-0 | ||
| 040 | _bspa | ||
| 041 |
_aspa _hSPA |
||
| 082 | 0 | 4 | _2658.848 / L47 |
| 100 |
_aLERMA KIRCHNER, ALEJANDRO EUGENIO Y ENRIQUE MÁRQUES CASTRO _eESCRITORES |
||
| 245 |
_aCOMERCIO Y MARKETING INTERNACIONAL _cCengage Learning Editores, S. A. de C. V. |
||
| 250 | _aCUARTA EDICIÓN | ||
| 260 |
_acalle Avena No. 201 Col. Granjas México, CP. 08400, México D.F., Mexico _bJavier Reyes Martínez _c2010 |
||
| 300 |
_a649 PAGINAS _c18.9 CM x 24.4 CM |
||
| 336 |
_2rdacontent _atexto _btxt |
||
| 337 |
_2rdamedia _asin mediación _bn |
||
| 338 |
_2rdacarrier _avolumen _bnc |
||
| 505 | _aEste libro trata de las estrategias | ||
| 650 | _2TECNOLOGÍA (CIENCIAS APLICADAS) | ||
| 650 | _2GERENCIA Y SERVICIOS AUXILIARES | ||
| 650 | _2GERENCIA GENERAL | ||
| 942 |
_2ddc _cGENERAL |
||
| 999 |
_c68506 _d68506 |
||